000 02228cam a22004574i 4500
003 PE-LiUPU
005 20250731184527.0
008 150616s r 000 0 d
035 _a(Sirsi) a2066
040 _aPE-LiUPU
_bspa
_cPE-LiUPU
_erda
049 _aPRUA
082 0 4 _a985.741
_bF39
_221
100 1 _aFerrero, Andrés,
_eautor.
245 1 4 _aLos machiguengas: Tribu selvática del Sur - Oriente peruano /
_cAndrés Ferrero.
264 1 _aSalamanca :
_bInstituto de Estudios Tropicales,
_c1967.
300 _a439 páginas :
_bilustraciones ;
_c21 cm
336 _atext
_2rdacontent
337 _aunmediated
_2rdamedia
338 _avolume
_2rdacarrier
505 0 _aLos machiguengas -- Origen de los Machiguengas -- campas y Machiguengas -- Historia -- La lengua -- El tipo Machiguenga -- Vestidos y coronas -- La morada del Machiguenga -- Mueblaje y enseres -- El poblado Machiguenga -- La familia Machiguenga -- Horas del día, días del año, años de vida -- La chacra -- La caza -- La pesca -- Oficios de la mujer -- Los hijos -- ¿Niño o niña? -- Dignidad de la mujer -- Cortesía Machiguenga -- Cantos y bailes -- Tabaco, coca, chamuiro, tocora -- Sin patria y sin rey -- La cultura Machiguenga -- Cualidades intelectuales -- La moral Machiguenga -- Psicología Machiguenga -- Cualidades malas -- Buenas cualidades -- Ingratitud -- Enfermedades y remedios -- El machinguenga y la civilización -- El misionero ante el Machiguenga.
526 _aP136
526 _aP135
526 _aP134
526 _aP133
526 _aP144
526 _aP143
526 _aP87
526 _aP35
526 _aP20
526 _aP14
526 _aP10
526 _aP06
650 0 4 _aSociedades Primitivas
_zPerú.
910 _ajck
_bjvq
_cjck
942 _2ddc
_cBOOK
949 _a985.741 F39
_wDEWEY
_c1
_i16614
_lCCODEBUL1
_mBUL
_p00.00
_r0
_sY
_tBOOK
_u19790426
_xEDUCACION
_PP20
_0COMPRA
_o.STAFF. Colección General
994 _aC0
_bPEPRU
596 _a1
999 _a985.741 F39
_wDEWEY
_c21042
_i16614
_f2021-11-8
_g5
_lCCODEBUL1
_mBUL
_r0
_sY
_tBOOK
_u2015-6-16
_xBIBLIOTECA
_PP20
_0COMPRA
_o.STAFF. Colección General
_d21042
980 _81
_gALBERTO SANCHEZ Responsable de Automatización